000 00361pab a2200145 454500
008 180718b2001 xxu||||| |||| 00| 0 eng d
100 _aKulkarni, Manu N.
245 _aBioinformatics and genomics Bazaar
260 _c2001
300 _ap.622-26
362 _a24 Feb
650 _aHealth services
773 _aEconomic and Political Weekly
909 _a47743
999 _c47743
_d47743